000 00353nam a2200145Ia 4500
008 230711s9999||||xx |||||||||||||| ||und||
041 _aENG
082 _a624
_bCH-W
100 _aChapman,W.A.J
245 0 _aWorkshop technology
250 _a4th
260 _c1986
_aNew Delhi
_bOxford University Press
650 _aMechanical Engineering
942 _cBK
999 _c1117
_d1117